| 000 | 00851cam a22002171 4500 | ||
|---|---|---|---|
| 001 | gs 07000460 | ||
| 003 | DLC | ||
| 005 | 20260227111305.0 | ||
| 008 | 780323s1895 nyuabf s001 0 eng | ||
| 010 | _ags 07000460 | ||
| 035 | _a(OCoLC)3742044 | ||
| 040 |
_aDLC _cNOsU _dNBrockU _dDLC |
||
| 042 | _apremarc | ||
| 050 | 0 | 0 |
_aQE146.E8 _bK3 |
| 100 | 1 |
_aKemp, James Furman, _d1859-1926. |
|
| 245 | 1 | 4 |
_aThe geology of Moriah and Westport townships, Essex County, N.Y., _bwith a geological map, _cprepared under the direction of Frederick J. H. Merrill; by James Furman Kemp. |
| 260 |
_aAlbany, _bUniversity of the State of New York, _c1895. |
||
| 300 |
_a1 p. l., [325]-355 p. _billus., plates, 2 fold. maps (incl. front.) _c24 cm. |
||
| 440 | 0 |
_aBulletin of the New York State Museum, _vv. 3, no. 14 |
|
| 650 | 0 |
_aGeology _zNew York (State) _zEssex County. |
|
| 999 |
_c24583 _d24583 |
||